Online Catalogue and eLibrary

The concepts and theories of modern democracy / (Record no. 442)

MARC details
000 -LEADER
fixed length control field 00528pam a2200193 a 4500
001 - CONTROL NUMBER
control field 2978552
005 - DATE AND TIME OF LATEST TRANSACTION
control field 20240220071140.0
008 - FIXED-LENGTH DATA ELEMENTS--GENERAL INFORMATION
fixed length control field 920828s1993 enka b 001 0 eng
020 ## - INTERNATIONAL STANDARD BOOK NUMBER
ISBN 0415091071
020 ## - INTERNATIONAL STANDARD BOOK NUMBER
ISBN 041509108X (pbk.)
040 ## - CATALOGING SOURCE (பட்டியலாக்க மூலம்)
Original cataloging agency DLC
Transcribing agency DLC
Modifying agency DLC
082 00 - DDC Classification
Class No. 321.8
DDC Edition Number 20
Item Number - Author Mark ANT.
100 1# - MAIN ENTRY--PERSONAL NAME
Personal name Birch, Harold Anthony.
245 14 - TITLE STATEMENT
Title The concepts and theories of modern democracy /
Statement of responsibility, etc. Anthony H. Birch.
260 ## - PUBLICATION, DISTRIBUTION, ETC.
Place of publication, distribution, etc. London ;
-- New York :
Name of publisher, distributor, etc. Routledge,
Date of publication, distribution, etc. 1993.
300 ## - PHYSICAL DESCRIPTION
Extent (e.g. Volumes, Pages etc.) vi, 260 p. :
650 #0 - SUBJECT ADDED ENTRY--TOPICAL TERM
Topical term or geographic name entry element Democracy.
942 ## - Koha item type (Biblio)
Koha item type Books in Stacks (Lending)
Holdings
Lost status Damaged status Collection code Home library Current library Date acquired Full call number Accession Number Item type
    Lending WERC Library WERC Library 02/20/2024 321.8 ANT. 3886 Books in Stacks (Lending)

© WERC Library